"Сравнительное изложение французского,английского и прусского законодательства о покушении на безопасность государя". Французсий...

RUSMARC
00005486cbc2a2200000 x 450
001c56262b1ca12499d87908ce006a81123
00520170302141453.0
100##$a20130918l18041826k y0rusy0189 ca
1010#$arus
102##$aRU
2250#$aФонд Комиссия составления законов
$hОпись № 1
300##$aЗаконодательные материалы , собранные Комиссией для сведения.
324##$aПленка
801#0$aRU
$bРГИА
$c20130918
801#1$aRU
$bГлавНИВЦ
$c20130918
$2rusmarc
801#2$aRU
$bПБ им. Б.Н. Ельцина
$c20130919
$gRCR
$2rusmarc
850##$aФедеральное казенное учреждение "Российский государственный исторический архив" (РГИА)
852##$aРГИА
$j556
937##$aASBIBLIO_SCAN
$bРГИА_1260:_1:_556:
$d946637
$hРГИА
2001#$a"Сравнительное изложение французского,английского и прусского законодательства о покушении на безопасность государя". Французсий язык
$j[1804-1826]
215##$a49 листов
035##$ac56262b1ca12499d87908ce006a81123
461#0$1001eedaa675-0877-4536-8c3c-f9d4e3f25fe5
$12001
$aКомиссия составления законов при Государственном совете
$1251
$cФонд
$1852
$j1260
462#0$10017b257f6b-15f4-45b4-9269-1c15dadeccee
$12001
$a1804-1826 гг.
$vД. 556
$1251
$cОпись
$1852
$j1
1222#$ad1804######
$ad1826######
251##$cДело
6061#$2nlr_sh
$3RU\NLR\AUTH\661258038
$aГосударственные и политические деятели
$jДокументы и материалы
$xПокушения
605##$2acquisition_Prlib
$3DITM\AF\0000002775
$aВласть
$lколлекция
605##$aРоссия и страны мира
$lколлекция
$2acquisition_Prlib
$3DITM\AF\0000004461
605##$aРоссия - Германия: из истории взаимоотношений
$lколлекция
$2acquisition_Prlib
$3LIBNET\UAF\0000060593
686##$2rubbk
$a67.3(4Вел)5ю1
$vLBC/M
686##$a67.3(4Гем)5ю1
$vLBC/M
$2rubbk
686##$a67.3(4Фра)5ю1
$vLBC/M
$2rubbk
617##$2prlib_sh
$aВеликобритания
617##$aФранция
$2prlib_sh
617##$aГермания
$2prlib_sh
Формат отображения